000 00758nam a2200205 i 4500
001 152599
003 ES-MaACL
005 20230906204818.0
008 051017s1873 gw | |||||||| ||eng d
040 _aCAM
_bspa
_cCAM
080 _a821.111-31"18"
100 1 _aBraddon, M. E. (
_d1837-1915)
_9126141
245 1 0 _aLucius Davoren or Publicans and Sinners
_b: a novel /
_cby M.E. Braddon.
260 _aLeipzig :
_bBernhard Tauchnitz,
_c1873.
300 _a3 v. (296; 302; 311 p.) ;
_c17 cm.
490 1 _aCollection of British Authors ;
_v1369; 1370; 1371
830 0 _aCollection of British Authors ;
_v1369; 1370; 1371
_9180703
852 _aES-MaACL
_jG-11382
_z-- Enc. hol., falto de la enc. original
_z-- Enc. 3 t. en 1 v.
999 _c152599
_d152599